000 01269nam0a2200301 i 4500
001 RU\NLR\bibl\1925131
005 20241103120356.0
010 _a9785865475651
_92000
021 _aRU
_b2012-45800
_93368
035 _a(NLR Aleph) 001914547
090 _a3222140
_c3222140
100 _a20120716d2012 u y0rusy50 ca
101 0 _arus
_aeng
102 _aRU
105 _aa z 000zy
200 1 _aСлово
_eпособие по лексике и разговорной практике
_e[для курсового обучения иностранных учащихся в объеме базового и отчасти 1 сертификационного уровня (А2-В1)]
_fВ. С. Ермаченкова
205 _a3-е изд.
210 _aСанкт-Петербург
_cЗлатоуст
_d2012
215 _a211 с.
_cил.
_d26
606 _aРусский язык
_jУчебные издания для иностранцев
_91533567
_3RU\NLR\auth\66969347
686 _aШ141.12-93англ
700 1 _aЕрмаченкова
_bВ. С.
_4070
801 0 _aRU
_bNLR
_c20120716
_gRCR
801 1 _aRU
_bNLR
_c20120716
942 _cBOOK
980 _aNBR